Đông Tây kim cổ tinh hoa T.2.
Sách tập trung giới thiệu những tinh hoa của nhân loại từ thời Kim cổ, từ Đông sang Tây.
Enregistré dans:
| Format: | Livre |
|---|---|
| Langue: | Vietnamese |
| Publié: |
Thanh Hoá :
Nxb Thanh Hoá,
1994.
|
| Sujets: | |
| Tags: |
Ajouter un tag
Pas de tags, Soyez le premier à ajouter un tag!
|
| Thư viện lưu trữ: | Mạng thư viện Đại học Đà Nẵng |
|---|
| LEADER | 00833cam a2200313 i 4500 | ||
|---|---|---|---|
| 001 | 000043759 | ||
| 003 | 1811 | ||
| 005 | 20030930145701.0 | ||
| 008 | 010217b1994 vm 000 vie | ||
| 022 | |a T | ||
| 040 | |a IRC |c IRC |d IRC | ||
| 041 | 0 | |a vie | |
| 082 | 1 | 4 | |a 306 |b Đô-T |
| 245 | 0 | 0 | |a Đông Tây kim cổ tinh hoa |n T.2. |
| 260 | |a Thanh Hoá : |b Nxb Thanh Hoá, |c 1994. | ||
| 300 | |a 248tr. ; |c 18.5cm. | ||
| 520 | 3 | |a Sách tập trung giới thiệu những tinh hoa của nhân loại từ thời Kim cổ, từ Đông sang Tây. | |
| 630 | 0 | 4 | |a Văn hoá. |
| 650 | 0 | 4 | |a Văn hoá. |
| OWN | |a DUT | ||
| 999 | |a From the UDN01 | ||
| TYP | |a Monograph | ||
| TYP | |a Printed language | ||
| 980 | |a Mạng thư viện Đại học Đà Nẵng | ||